| 000 | 00000nam 2200000za 4500 |
| 001 | 9.820936 |
| 003 | CaOODSP |
| 005 | 20221107143334 |
| 007 | cr ||||||||||| |
| 008 | 160713s2014 onc o f000 0 eng d |
| 040 | |aCaOODSP|beng |
| 043 | |an-cn--- |
| 086 | 1 |aA52-81/1-2014E-PDF |
| 110 | 1 |aCanada. |bAgriculture and Agri-Food Canada. |
| 245 | 10|aPacific Agri-Food Research Centre, Summerland, British Columbia |h[electronic resource]. |
| 246 | 1 |iAt head of title: |aScience and Innovation |
| 260 | |a[Ottawa] : |bAgriculture and Agri-Food Canada, |cc2014. |
| 300 | |a[2] p. |
| 500 | |aIssued also in French under title: Centre de recherches agroalimentaires du Pacifique, Summerland (Colombie-Britannique). |
| 500 | |aCaption title. |
| 520 | |aThe mission of the PARC Summerland Research Centre is to generate knowledge and technologies to promote sustainable and economically viable production of wholesome foods and novel bioproducts from high-value horticultural crops for local, national and international producers and markets. |
| 692 | 07|2gccst|aAgriculture |
| 692 | 07|2gccst|aResearch |
| 692 | 07|2gccst|aWestern provinces |
| 775 | 08|tCentre de recherches agroalimentaires du Pacifique, Summerland (Colombie-Britannique) |w(CaOODSP)9.820934 |
| 856 | 40|qPDF|s667 KB|uhttps://publications.gc.ca/collections/collection_2016/aac-aafc/A52-81-1-2014-eng.pdf |
| 986 | |aAAFC No. 12451E |